[Event "FEDA International GM 2020"]
[Site "La Palma"]
[Date "2020.11.30"]
[Round "1.1"]
[White "Suarez Gomez, Julio"]
[Black "Nevednichy, Vladislav"]
[Result "0-1"]
[WhiteElo "2442"]
[BlackElo "2546"]
[Annotator "TA"]
[PlyCount "72"]
[EventDate "2020.11.29"]
[EventType "tourn"]
[EventCountry "ESP"]
[SourceTitle "playchess.com"]
[Source "ChessBase"]
[SourceQuality "1"]

{[%evp 11,72,32,42,42,63,46,59,62,54,47,51,48,46,38,68,36,67,39,84,56,60,15,24,27,37,0,0,0,0,0,101,0,0,-36,-43,-118,-18,-130,-121,-143,-132,-123,0,-127,-112,-108,-126,-345,-322,-322,-312,-605,-482,-896,-841,-864,-809,-2015,-1066,-1018,-960,-879,-842]} 1. d4 Nf6 2. c4 g6 3. Nc3 Bg7 4. e4 d6 5. h3 O-O 6. Be3 Na6 7. g4 {E71: King's Indian: 4 e4 d6 5 h3.} c5 8. Nge2 cxd4 9. Nxd4 {White is slightly better.} Nc5 10. Bg2 a6 11. O-O {[#]} e5 $146 ({Predecessor:} 11... Bd7 12. Qd2 Rc8 13. Rac1 h5 14. f3 Ne6 15. Nxe6 Bxe6 16. b3 Re8 17. g5 Nh7 {1-0 (35) Zhigalko,A (2549)-Klukin,K (2325) Ekaterinburg 2019}) 12. Nde2 h5 13. f3 Be6 14. b3 {[%cal Bb2b3,Bb3b4][%mdl 32]} Qb8 15. b4 Ncd7 {[%cal Bc5d7,Bd7b6,Bb6c4][%mdl 32]} 16. Nd5 (16. g5 $5 {[%cal Rg5f6]} Nh7 17. Nd5 $16) 16... Bxd5 17. cxd5 b5 18. a4 Nb6 19. Nc3 Nc4 20. Bf2 Qb7 {[#]} (20... Bh6 $11 {remains equal.}) 21. axb5 (21. g5 $1 $16 {[%cal Rg5f6]} Nh7 22. h4) 21... axb5 $11 22. Qd3 Bh6 23. Kh1 (23. Rfb1 $15) 23... Rfc8 (23... Kg7 $17) 24. Rfb1 (24. Bh4 $11 Nh7 25. gxh5) 24... Kg7 $17 25. Kg1 Bf4 26. Ne2 Bh6 27. Nc3 $1 Bd2 28. Rxa8 Rxa8 29. Rb3 $2 {This costs White the game.} (29. Nxb5 $17 Qxb5 30. Bf1) 29... Ra1+ $19 30. Bf1 Bf4 31. Nb1 $2 (31. Rb1 Ra3 32. g5) 31... Qa8 {aiming for ...hxg4.Black is clearly winning.} 32. Kg2 (32. g5 $142 Bxg5 33. Qc2) 32... hxg4 33. fxg4 Qa2 34. Kf3 Rxb1 {[%mdl 64] [#] Decoy} 35. Rxb1 Nd2+ 36. Kg2 Nxb1 {Weighted Error Value: White=0.71/Black=0.49} 0-1

[Event "FEDA International GM 2020"]
[Site "La Palma"]
[Date "2020.11.30"]
[Round "1.2"]
[White "Martin Duque, Jesus"]
[Black "Fier, Alexandr"]
[Result "1-0"]
[WhiteElo "2422"]
[BlackElo "2558"]
[Annotator "TA"]
[PlyCount "89"]
[EventDate "2020.11.29"]
[EventType "tourn"]
[EventCountry "ESP"]
[SourceTitle "playchess.com"]
[Source "ChessBase"]
[SourceQuality "1"]

{[%evp 10,89,45,26,38,35,38,21,18,18,9,22,52,45,71,67,73,58,141,127,225,237,323,319,312,316,327,190,279,260,273,268,422,423,1026,683,671,654,568,291,285,278,291,283,279,271,226,231,266,277,348,286,356,352,344,329,469,470,458,451,491,468,491,466,547,533,527,505,677,677,677,672,666,660,649,646,788,807,1591,1654,5645,5273]} 1. e4 c5 2. Nf3 e6 3. d4 cxd4 4. Nxd4 Nc6 5. Nc3 Qc7 6. f4 Nxd4 {B47: Sicilian: Taimanov: 5 Nc3 Qc7 6 f4, 6 g3 and 6 Be2.} 7. Qxd4 b6 8. Qf2 (8. Bd2 {looks sharper.} Bb7 9. Nb5 Qc6 10. Bb4 Nf6 11. Bxf8 Kxf8 12. e5) 8... Bb7 {The position is equal.} 9. Bd3 Nf6 10. Bd2 {[#]} Rc8 $146 ({Predecessor:} 10... Bc6 11. O-O-O O-O-O 12. e5 Nd5 13. Ba6+ Kb8 14. Nb5 Bxb5 15. Bxb5 Bc5 16. Qf3 d6 17. exd6 Rxd6 {½-½ (47) Maze,S (2602)-Rapport,R (2726) Germany 2019}) 11. O-O-O a6 12. e5 Nd5 13. Ne4 b5 (13... Nb4 $14 14. Bxb4 Bxb4) 14. Qg3 $1 $16 g6 (14... b4 $16) 15. f5 $1 $18 gxf5 {[#]} 16. Nd6+ $1 Bxd6 17. exd6 Qc5 18. Bxf5 {[#]} (18. Bh6 $142) 18... Ne7 (18... Ne3 $142 $1 {[%mdl 512]} 19. Bd3 (19. Bxe3 Qxf5) 19... Nf5) 19. dxe7 exf5 {[%csl Gc8][%cal Rc5c2]} 20. c3 ({Resist} 20. Bc3 $6 b4 $16) 20... Qd4 (20... Qxe7 {keeps fighting.} 21. Qg7 Rf8) 21. Bf4 Qf6 (21... Qc4 $142 22. Rhe1 f6) 22. Rd6 Qxe7 {[#] If only Black now had time for ...f6....} 23. Re1 $1 {[%mdl 512]} Be4 24. Bg5 Rg8 25. Bxe7 {[%mdl 64] Intending Qe5 and mate. Discovered Attack} Rxg3 26. hxg3 Kxe7 27. Rxa6 {[%mdl 4096] Endgame KRR-KRB} b4 28. Re3 d5 {If Black can now play ...d4 this consolidates a bit.} 29. Kd1 Rc4 30. Ke1 d4 31. cxd4 Rxd4 32. Rb6 Rc4 (32... h5 $142 33. Re2 Rd3) 33. b3 {White is clearly winning.} Rc1+ 34. Kf2 Ra1 35. Re2 h5 36. Rxb4 Kf6 37. a4 Kg5 38. Rb8 Bd3 39. Rd2 Be4 40. Rd6 {[%cal Rb8g8]} f4 41. gxf4+ Kxf4 {Black hopes to continue with ...Ra2+.} 42. Rf6+ Kg5 43. Rxf7 Ra2+ 44. Ke3 Bxg2 45. Rf2 {Black got outplayed after the opening.  Weighted Error Value: White=0.24/Black=0.37} 1-0

[Event "FEDA International GM 2020"]
[Site "La Palma"]
[Date "2020.11.30"]
[Round "1.3"]
[White "Vasquez Schroeder, Rodrigo"]
[Black "Tejedor Fuente, Enrique"]
[Result "0-1"]
[WhiteElo "2441"]
[BlackElo "2442"]
[Annotator "TA"]
[PlyCount "82"]
[EventDate "2020.11.29"]
[EventType "tourn"]
[EventCountry "ESP"]
[SourceTitle "playchess.com"]
[Source "ChessBase"]
[SourceQuality "1"]

{[%evp 12,82,20,8,3,0,0,0,0,-14,-10,-20,-35,-64,-34,-83,-36,-86,-99,-91,-72,-72,-64,-77,-66,-69,-35,-29,-40,-50,-38,-88,-42,-47,-20,-37,-21,-97,-102,-103,-102,-181,-161,-172,-156,-217,-225,-228,-205,-233,-159,-285,-281,-256,-149,-403,-403,-400,-397,-621,-416,-765,-757,-749,-759,-698,-526,-540,-542,-528,-520,-543,-431]} 1. Nf3 d5 2. e3 Nf6 3. c4 e6 4. b3 c5 5. Bb2 Nc6 6. cxd5 exd5 7. Be2 d4 {A13: English Opening: 1...e6.} 8. exd4 cxd4 {aiming for ...d3.} 9. Bb5 Bc5 {The position is equal.} 10. O-O O-O {[#]} 11. Bxc6 $146 ({Predecessor:} 11. d3 Bg4 12. Bxc6 bxc6 13. Nbd2 Rc8 14. Qc2 Bb6 15. Ne5 Qd5 16. Nxg4 Nxg4 17. Nf3 Rfe8 18. Rfe1 Ne5 19. Nxe5 Rxe5 20. Rxe5 Qxe5 21. Rc1 Re8 22. g3 Re6 {½-½ (22) King,A (2052)-Reucker,F (1945) Erfurt 2019}) 11... bxc6 12. Qc2 Bb6 13. d3 Nd5 14. Nbd2 Nb4 15. Qb1 Bf5 16. Ne4 Re8 17. Re1 Qd5 {White must now prevent ...Nxd3!} 18. Nfd2 Re6 19. a3 Na6 20. Qc2 Rae8 21. Rec1 Bg6 22. b4 f5 23. Ng3 $1 c5 24. b5 {[#]} (24. Qa4 $1 $11 Bd8 25. Nf3) 24... Nb8 $1 $17 25. a4 Nd7 26. Qc4 (26. Ba3 $17) 26... Qxc4 $19 27. Nxc4 Bc7 $36 {[%mdl 2048] Black is really pushing.} 28. Rd1 (28. a5 $17 {is a better defense.}) 28... f4 29. Nf1 {[#]} f3 $1 {[%mdl 512]} 30. gxf3 h5 31. Kg2 (31. Bc1 $17 {keeps fighting.}) 31... h4 32. h3 Nf6 ({Black should play} 32... Rf8 $19 {Hoping for ...Bh7.} 33. a5 Rb8) 33. Nh2 $2 {[%mdl 8192] This move loses the game for White.} (33. Ba3 $17) 33... Nd5 34. Bc1 Nc3 35. Rd2 (35. Ba3 $142 Nxd1 36. Rxd1) 35... Bf4 36. Rb2 (36. Ba3 $142 Bxd2 37. Nxd2) 36... Re1 {Black is clearly winning.} 37. Bxf4 Rxa1 38. Ne5 Nxa4 39. Rd2 Bf5 40. Nhg4 Nc3 41. Rb2 Ra5 {Weighted Error Value: White=0.43/Black=0.24} 0-1

[Event "FEDA International GM 2020"]
[Site "La Palma"]
[Date "2020.11.30"]
[Round "1.4"]
[White "Vega Gutierrez, Sabrina"]
[Black "Gines Esteo, Pedro Antonio"]
[Result "1-0"]
[WhiteElo "2368"]
[BlackElo "2437"]
[Annotator "TA"]
[PlyCount "59"]
[EventDate "2020.11.29"]
[EventType "tourn"]
[EventCountry "ESP"]
[SourceTitle "playchess.com"]
[Source "ChessBase"]
[SourceQuality "1"]

{[%evp 9,59,7,10,1,13,0,1,0,0,0,18,6,38,36,57,52,156,116,116,78,73,93,89,84,97,89,94,96,77,91,93,91,76,62,91,96,86,104,221,212,206,237,415,418,408,402,429,395,780,763,916,895]} 1. e4 c6 2. d4 d5 3. e5 c5 4. dxc5 e6 5. a3 Bxc5 6. b4 {B12: Caro-Kann: Advance Variation.} Bb6 7. Nf3 a5 8. b5 {The position is equal.} Nd7 9. Bd3 Ne7 10. O-O Ng6 11. Bxg6 {[#]} fxg6 $146 {[#]} ({Predecessor:} 11... hxg6 12. c4 dxc4 13. Nbd2 Qc7 14. Ne4 O-O 15. Bf4 Bc5 16. Qe2 b6 17. Rfc1 Bb7 18. Rxc4 {0-1 (24) Hoepfl,T (2271)-Boehnisch,M (2259) Germany 2019}) 12. c4 $1 {[%mdl 512]} Nc5 ({Black should try} 12... Qc7 $14) (12... dxc4 13. Qd6) 13. Be3 O-O ({Wrong is} 13... dxc4 $2 14. Qxd8+ Kxd8 15. Nbd2 $18) 14. Nc3 {[%cal Rc4d5]} dxc4 15. Qxd8 Rxd8 16. Rad1 Rd3 17. Rxd3 cxd3 18. Nd2 {And now Nc4 would win.} Nd7 {Threatening ...Bxe3.} 19. Nc4 Bxe3 20. fxe3 b6 21. Rd1 Nc5 22. Nxb6 Rb8 {[#]} 23. Nc4 $1 a4 (23... Bb7 $16 {was worth a try.}) 24. Nd6 $18 Bb7 25. e4 Rd8 $2 (25... Kf8 26. h3 Ba8) 26. Kf2 Rd7 27. Ke3 Rc7 28. Rb1 Ba8 $2 (28... Nd7 29. Kxd3 Nxe5+ 30. Kd4 Nf7) 29. Rb4 h6 30. Rc4 {Weighted Error Value: White=0.06/Black=0.26} 1-0

[Event "FEDA International GM 2020"]
[Site "La Palma"]
[Date "2020.11.30"]
[Round "1.5"]
[White "Espinosa Aranda, Angel"]
[Black "Studer, Noel"]
[Result "1-0"]
[WhiteElo "2500"]
[BlackElo "2582"]
[Annotator "TA"]
[PlyCount "99"]
[EventDate "2020.11.29"]
[EventType "tourn"]
[EventCountry "ESP"]
[SourceTitle "playchess.com"]
[Source "ChessBase"]
[SourceQuality "1"]

{[%evp 25,99,20,22,29,28,16,17,21,20,34,30,23,37,34,21,41,27,22,64,0,0,0,0,0,28,29,33,41,46,47,46,43,49,31,73,73,93,93,93,93,85,62,95,55,170,174,171,161,157,154,166,0,162,144,144,142,141,131,141,0,132,118,239,224,224,224,224,224,1028,870,29972,29973,29988,29972,29969,5925]} 1. e4 e5 2. Nf3 Nf6 3. Nxe5 d6 4. Nf3 Nxe4 5. d4 d5 6. Bd3 Bd6 7. O-O O-O 8. c4 c6 9. Re1 Bf5 10. cxd5 cxd5 11. Nc3 Nxc3 12. bxc3 Bxd3 13. Qxd3 Nd7 14. Qf5 {C42: Petroff Defence: 3 Nxe5 and unusual White 3rd moves.} Nb6 15. Ng5 {[%csl Gg5][%cal Rf5h7] [#]} g6 16. Qh3 {[%csl Gg5][%cal Rh3h7] The position is equal.} h5 17. g4 Qd7 {Hoping for ...Rfe8.} 18. gxh5 Rae8 19. Bd2 Qxh3 20. Nxh3 gxh5 21. Bf4 Ba3 {[#]} 22. Bh6 $146 (22. Reb1 $1 $14) ({Predecessor:} 22. Rxe8 Rxe8 23. Rb1 Re2 24. Bb8 Rxa2 25. Bxa7 Na4 26. Rxb7 Bc1 27. Bb8 Nxc3 28. Be5 {1-0 (38) Egin,V (2416)-Yee,S (2234) Tashkent 2013}) 22... Rxe1+ $11 23. Rxe1 Rc8 24. Re5 f6 25. Rxh5 Rxc3 26. Nf4 Rc2 27. Nxd5 Nxd5 28. Rxd5 Rxa2 $14 {[%mdl 4096] Endgame KRB-KRB} 29. Be3 Bb2 30. Rd8+ Kh7 31. Rd7+ Kg6 32. Rxb7 a5 33. Rb5 a4 34. h4 a3 ({Black should play} 34... f5 $1 $14) 35. h5+ Kh7 36. Rb7+ Kh8 37. Rb8+ Kh7 38. Rb7+ Kh8 $1 39. Ra7 Ra1+ 40. Kg2 Rd1 41. Ra8+ Kh7 42. Ra7+ Kh8 $1 43. Kf3 Kg8 {This move loses the game for Black.} (43... Rh1 $16 {might work better.}) 44. Ke4 $18 Kf8 45. h6 Kg8 46. Ra4 Kf7 $2 {[#]} (46... Kh7 47. Kf5 a2) 47. Kf5 Kg8 48. f3 {White mates.} Kf8 49. h7 Rh1 50. Kg6 {Weighted Error Value: White=0.15/Black=0.32} 1-0

[Event "FEDA International GM 2020"]
[Site "La Palma"]
[Date "2020.12.01"]
[Round "2.1"]
[White "Nevednichy, Vladislav"]
[Black "Studer, Noel"]
[Result "1/2-1/2"]
[WhiteElo "2546"]
[BlackElo "2582"]
[Annotator "TA"]
[PlyCount "116"]
[EventDate "2020.11.29"]
[EventCountry "ESP"]
[SourceTitle "playchess.com"]
[Source "ChessBase"]
[SourceQuality "1"]

{[%evp 9,116,11,12,12,13,15,19,0,0,0,0,-14,-1,-8,0,-4,-2,-14,-14,-16,-21,-10,-22,-7,0,0,-13,-14,0,0,0,-8,0,0,0,0,0,0,0,0,25,0,8,1,123,116,121,133,351,364,361,339,325,0,0,0,0,0,87,0,0,0,0,0,0,0,0,-6,-6,-6,-7,-7,-7,-8,0,0,0,0,0,0,0,0,0,0,0,0,0,0,0,0,0,0,0,0,0,0,0,0,0,0,0,0,0,0,0,0,0,0,0]} 1. c4 Nf6 2. Nc3 e5 3. Nf3 Nc6 4. e4 Bb4 5. d3 d6 6. a3 {A28: English Opening: Four Knights Variation.} Bc5 {White should prevent ...Ng4.} 7. b4 Bb6 8. Na4 Bd4 9. Nxd4 {9.Rb1 deserves study.} Nxd4 10. Nc3 O-O 11. Ne2 Ne6 12. g3 a5 {[#]} 13. Bd2 $146 ({Predecessor:} 13. b5 c6 14. a4 d5 15. exd5 cxd5 16. Ba3 Re8 17. Bg2 b6 18. cxd5 Nxd5 19. O-O {1-0 (57) Prithu,G (2472)-Espinosa Veloz,E (2485) chess.com INT 2020}) 13... axb4 14. axb4 Rxa1 15. Qxa1 {[#]} b5 $1 {[%mdl 512]} 16. Bg2 $1 (16. cxb5 Qd7) 16... bxc4 17. dxc4 Bb7 18. f3 Qd7 19. O-O Ra8 20. Qc3 Qa4 21. Rc1 c5 22. b5 Nd7 23. Qd3 Nd4 24. Bh3 Nb6 25. Nxd4 exd4 26. Bf4 Qb4 (26... Rd8 $11) 27. Bxd6 $16 Qb2 28. Rb1 Qa2 $2 (28... Ra1 $16 29. Rxa1 Qxa1+ 30. Bf1 Nd7) 29. Bxc5 $18 {[%mdl 64] Double Attack} Nxc4 30. Bxd4 Rd8 31. Rd1 $2 (31. Rc1 $18 Nd2 32. Qc3) 31... Ne5 $11 32. Bxe5 {[%cal Rd3d8][%mdl 64] Discovered Attack} Rxd3 33. Rxd3 {[%cal Rd3d8]} Qa5 {[#]} (33... f5 $1 $11 {keeps the balance.}) 34. Bc3 (34. Bf1 $1 $16) 34... Qb6+ $1 {The position is equal.} 35. Kg2 h5 36. Bf5 {Black must now prevent Rd7.} g6 37. Bd7 Qc7 38. Be1 Qc2+ 39. Rd2 Qc1 40. Kf2 Qc5+ 41. Ke2 $1 Qc4+ 42. Ke3 Qc3+ 43. Ke2 Qc4+ 44. Ke3 f5 {[%cal Rf5e4]} 45. Rd4 Qc1+ 46. Bd2 Qg1+ {[%mdl 64] Double Attack} 47. Kd3 Qf1+ 48. Ke3 Qg1+ 49. Kd3 Qf1+ 50. Ke3 fxe4 51. fxe4 Qg1+ 52. Kd3 Qxh2 53. Bf4 Qa2 54. Bc6 Qb3+ 55. Kd2 {Threatens to win with Rd8+.} Qb2+ 56. Kd3 {Hoping for Rd8+.} Qb3+ 57. Kd2 {aiming for Rd8+.} Qb2+ 58. Kd3 {Strongly threatening Rd8+.} Qb3+ {Weighted Error Value: White=0.10/Black=0.12} 1/2-1/2

[Event "FEDA International GM 2020"]
[Site "La Palma"]
[Date "2020.12.01"]
[Round "2.2"]
[White "Tejedor Fuente, Enrique"]
[Black "Vega Gutierrez, Sabrina"]
[Result "0-1"]
[WhiteElo "2442"]
[BlackElo "2368"]
[Annotator "RC"]
[PlyCount "102"]
[EventDate "2020.11.29"]
[EventCountry "ESP"]
[SourceTitle "playchess.com"]
[Source "ChessBase"]
[SourceQuality "1"]

1. e4 c5 2. g3 Nc6 3. Bg2 g6 4. d3 Bg7 5. Nc3 d6 6. Be3 Nf6 7. h3 O-O 8. Nge2 Rb8 9. O-O b5 10. Qd2 b4 11. Nd1 a5 12. g4 Nd7 13. Ng3 Ba6 14. Bh6 Nd4 15. Bxg7 Kxg7 16. f4 e5 17. Ne3 exf4 18. Rxf4 Kg8 19. Raf1 Ne6 20. R4f2 Qg5 21. Qe1 Qe5 22. Ngf5 gxf5 23. gxf5 Nd4 24. Ng4 Qg3 25. Qd2 Kh8 26. Qh6 Rg8 27. Rf3 Nxf3+ 28. Rxf3 Qe1+ 29. Rf1 Qg3 30. Rf3 Qe1+ 31. Rf1 Qe2 32. Qxd6 Bc8 33. Rf2 Qe1+ 34. Bf1 Rb6 35. Qg3 Nf6 36. Qe5 Re8 37. Qxc5 Nxg4 38. hxg4 Rh6 39. Kg2 Rg8 40. Qd4+ f6 41. Kf3 Qd1+ 42. Ke3 Rxg4 43. Qc5 Qe1+ 44. Re2 Qg3+ 45. Kd4 Qg1+ 46. Re3 Rg8 47. Kc4 Bd7 48. Kb3 Qxf1 49. Qe7 Qf2 50. Rh3 Rc8 51. Rh2 Qxh2 0-1

[Event "FEDA International GM 2020"]
[Site "La Palma"]
[Date "2020.12.01"]
[Round "2.2"]
[White "Gines Esteo, Pedro Antonio"]
[Black "Espinosa Aranda, Angel"]
[Result "*"]
[WhiteElo "2437"]
[BlackElo "2500"]
[Annotator "TA"]
[PlyCount "32"]
[EventDate "2020.11.29"]
[EventCountry "ESP"]
[SourceTitle "playchess.com"]
[Source "ChessBase"]
[SourceQuality "1"]

{[%evp 5,5,8]} 1. e4 c5 2. g3 Nc6 3. Bg2 {[#] An uneventful encounter.} {Predecessor:} g6 $146 4. c3 Bg7 5. Ne2 e5 6. d3 {B20: Sicilian: Unusual White 2nd moves.} Nge7 7. Be3 d6 8. a4 O-O 9. Na3 Be6 10. O-O b6 11. d4 exd4 12. cxd4 Bg4 13. f3 Bd7 14. Qd2 cxd4 15. Nxd4 d5 16. Nxc6 Bxc6 {1-0 (65) Jones,G (2670)-Donchenko,A (2657) chess.com INT 2020} *

[Event "FEDA International GM 2020"]
[Site "La Palma"]
[Date "2020.12.01"]
[Round "2.3"]
[White "Tejedor Fuente, Enrique"]
[Black "Vega Gutierrez, Sabrina"]
[Result "*"]
[WhiteElo "2442"]
[BlackElo "2368"]
[Annotator "TA"]
[PlyCount "31"]
[EventDate "2020.11.29"]
[EventCountry "ESP"]
[SourceTitle "playchess.com"]
[Source "ChessBase"]
[SourceQuality "1"]

{[%evp 9,10,35,43]} 1. d4 d5 2. c4 dxc4 3. e4 Nf6 4. e5 Nd5 5. Bxc4 Nb6 {[#]} {Predecessor:} 6. Bd3 $146 {D20: Queen's Gambit Accepted: 3 e3 and 3 e4.} Nc6 7. Be3 Nb4 8. Be4 f5 9. a3 N4d5 10. Bxd5 Nxd5 11. Nc3 Nxe3 12. fxe3 e6 13. Nge2 g6 14. Nf4 Bh6 15. Nce2 c6 16. h4 {0-1 (56) Ding,L (2791)-Nakamura,H (2736) chess24.com INT 2020} *

[Event "FEDA International GM 2020"]
[Site "La Palma"]
[Date "2020.12.01"]
[Round "2.3"]
[White "Gines Esteo, Pedro Antonio"]
[Black "Espinosa Aranda, Angel"]
[Result "1/2-1/2"]
[WhiteElo "2437"]
[BlackElo "2500"]
[Annotator "RC"]
[PlyCount "138"]
[EventDate "2020.11.29"]
[EventCountry "ESP"]
[SourceTitle "playchess.com"]
[Source "ChessBase"]
[SourceQuality "1"]

1. d4 d5 2. c4 dxc4 3. e4 Nf6 4. e5 Nd5 5. Bxc4 Nb6 6. Bd3 Nc6 7. Be3 Nb4 8. Be4 N4d5 9. Nc3 c6 10. Qf3 g6 11. h4 h5 12. Qg3 Bg4 13. Nh3 Qd7 14. Ng5 e6 15. O-O Bf5 16. Bf3 Be7 17. Nce4 Bxe4 18. Bxe4 Bxg5 19. Bxg5 Ne7 20. Qa3 Nbd5 21. Rad1 O-O 22. Rd2 f6 23. exf6 Nxf6 24. Bc2 Nfd5 25. Re1 Nf5 26. Qb3 Rae8 27. a3 Kh7 28. Qd3 Qf7 29. Ree2 Nf6 30. Bb3 Nd5 31. Re5 Ng7 32. Re4 Qd7 33. g3 Nf5 34. Rd1 Nc7 35. Rde1 c5 36. d5 exd5 37. Rxe8 Rxe8 38. Rxe8 Qxe8 39. Bxd5 Nxd5 40. Qxd5 b6 41. Qb7+ Kg8 42. Qxa7 Qe1+ 43. Kg2 Qe4+ 44. Kh2 Qe2 45. Qb8+ Kg7 46. Qb7+ Kg8 47. Qd5+ Kg7 48. Qd7+ Kg8 49. Qd2 Qe6 50. Qd8+ Kg7 51. Bd2 Kf7 52. Bc3 Ne7 53. Qh8 Qf5 54. Kg2 Qe4+ 55. Kg1 Qb1+ 56. Kh2 Qf5 57. Qg7+ Ke6 58. Kg1 Qb1+ 59. Kg2 Qe4+ 60. Kh2 Qf5 61. Be1 Qe4 62. Qc3 Nf5 63. Qb3+ Ke7 64. Bc3 Nd4 65. Bxd4 cxd4 66. Qb4+ Kd7 67. Kg1 Qd5 68. Qa4+ Kd8 69. Qd1 d3 1/2-1/2

[Event "FEDA International GM 2020"]
[Site "La Palma"]
[Date "2020.12.01"]
[Round "2.4"]
[White "Fier, Alexandr"]
[Black "Vasquez Schroeder, Rodrigo"]
[Result "1-0"]
[WhiteElo "2558"]
[BlackElo "2441"]
[Annotator "TA"]
[PlyCount "47"]
[EventDate "2020.11.29"]
[EventCountry "ESP"]
[SourceTitle "playchess.com"]
[Source "ChessBase"]
[SourceQuality "1"]

{[%evp 18,47,9,22,36,14,60,34,103,90,86,97,114,110,118,94,126,97,189,153,164,143,155,154,147,154,135,143,570,559,2585,2327]} 1. e4 c5 2. Nf3 d6 3. d4 cxd4 4. Nxd4 Nf6 5. Nc3 a6 6. Be3 e5 7. Nb3 Be6 8. Qd2 Nbd7 {8...Nbd7 is better than 8...Be7.} 9. O-O-O b5 10. f3 h5 {B90: Sicilian Najdorf: Unusual White 6th moves, 6 Be3 Ng4 and 6 Be3 e5.} 11. Kb1 Nb6 12. Qf2 Nc4 (12... Nbd7 $14) 13. Bxc4 $16 bxc4 {[#]} 14. Nc5 $5 $146 {[%mdl 8] New and interesting.} ({Predecessor:} 14. Bb6 Qb8 15. Na5 Nd7 16. Na4 Be7 17. Ka1 Qc8 18. b3 Rb8 19. g3 O-O 20. Rd2 cxb3 21. cxb3 Nxb6 {½-½ (32) Taspinar,Y (1792)-Guven,O (2096) Ankara 2019}) 14... Qc7 15. Nxe6 fxe6 16. Qg3 Rb8 17. f4 Qa5 (17... Ng4 $16 {might work better.}) 18. Qg6+ $18 Kd8 {Hoping for ...Qxc3.} 19. Bd2 ({Avoid the trap} 19. Ba7 $2 Rb7 $19) 19... exf4 20. e5 $36 {[%mdl 2048] Black is under strong pressure.} Qxe5 21. Rhe1 Qf5 {[#]} 22. Qf7 $1 {[%mdl 1024] White has strong compensation.} ({Much less strong is} 22. Qxf5 $6 exf5 23. Bxf4 Kd7 $14) 22... e5 $2 {[%mdl 8192] [#]} (22... Nd7 $16 23. Qxf5 (23. Qxe6 Qxe6 24. Rxe6 Nc5 $16) 23... exf5) 23. Ne4 $1 {[%mdl 576] Threatening mate with Ba5+. Pin} Rb5 {[#] intending ...Qd7.} (23... Nxe4 24. Ba5+) 24. Ba5+ $1 {[%mdl 512] Black got outplayed after the opening.  Weighted Error Value: White=0.05/Black=0.65} 1-0

[Event "FEDA International GM 2020"]
[Site "La Palma"]
[Date "2020.12.01"]
[Round "2.5"]
[White "Suarez Gomez, Julio"]
[Black "Martin Duque, Jesus"]
[Result "1/2-1/2"]
[WhiteElo "2442"]
[BlackElo "2422"]
[Annotator "TA"]
[PlyCount "84"]
[EventDate "2020.11.29"]
[EventCountry "ESP"]
[SourceTitle "playchess.com"]
[Source "ChessBase"]
[SourceQuality "1"]

{[%evp 9,84,0,45,1,0,-3,16,16,22,18,22,20,24,22,46,45,46,45,50,51,41,30,42,15,60,60,60,54,60,60,65,43,45,11,27,20,56,31,64,68,86,75,75,75,70,0,0,0,37,0,0,0,0,0,0,0,11,0,37,42,47,41,40,41,241,64,80,72,63,6,6,6,6,6,5,8,8]} 1. d4 Nf6 2. c4 e6 3. Nc3 Bb4 4. Nf3 c5 5. dxc5 Nc6 6. g3 {E21: Nimzo-Indian: 4 Nf3.} Ne4 7. Qc2 Qa5 {[%cal Re4c3]} ({Reject} 7... Nxc5 8. Bg2 $14) 8. Qxe4 Bxc3+ 9. Bd2 Bxd2+ 10. Nxd2 Qxc5 11. Bg2 {[#]} b6 $146 ({Predecessor:} 11... b5 12. Qe3 Qxe3 13. fxe3 bxc4 14. Bxc6 dxc6 15. Nxc4 Ba6 16. Nd2 Rb8 17. b3 Ke7 {½-½ (42) Caruana,F (2820)-Radjabov,T (2734) Wijk aan Zee 2015}) 12. O-O Bb7 13. Nb3 Qe7 14. Rfd1 O-O 15. Qf4 Rfd8 16. Rd2 d6 17. Rad1 {[%cal Rd2d6]} e5 18. Qh4 {Strongly threatening Qxe7.} Qc7 19. Be4 g6 20. Bd5 Kg7 21. f4 f6 22. e3 Qe7 23. Rf2 Rab8 24. f5 Nb4 {[%cal Bc6b4,Bb4a6,Ba6c7][%mdl 32]} 25. Bxb7 $1 Rxb7 26. a3 Na6 27. fxg6 ({White should play} 27. Nd2 $14) 27... hxg6 $11 28. Qe4 f5 29. Qd5 Rbd7 30. e4 Nc7 31. Qd3 fxe4 32. Qxe4 Ne6 33. h4 Nc5 34. Nxc5 dxc5 35. Rd5 Rxd5 36. cxd5 $14 {[%mdl 4096] Endgame KQR-KQR} Re8 $2 {[#]} (36... Rh8 $14) 37. b4 $2 ({White has to play} 37. h5 $1 $18 {[%mdl 512]} Qg5 (37... gxh5 38. Rf5) 38. Qf3) 37... cxb4 38. axb4 Rc8 39. Re2 (39. Qg4 $14 Rh8 40. Qe4) 39... Rc1+ $11 {The position is equal.} 40. Kg2 Rd1 41. Qxe5+ Qxe5 42. Rxe5 Kf6 {Weighted Error Value: White=0.19/Black=0.21} 1/2-1/2

[Event "FEDA International GM 2020"]
[Site "La Palma"]
[Date "2020.12.02"]
[Round "3.1"]
[White "Martin Duque, Jesus"]
[Black "Nevednichy, Vladislav"]
[Result "0-1"]
[WhiteElo "2422"]
[BlackElo "2546"]
[Annotator "ChessBase"]
[PlyCount "78"]
[EventDate "2020.11.29"]
[EventCountry "ESP"]
[SourceTitle "playchess.com"]
[Source "ChessBase"]
[SourceQuality "1"]

1. e4 c5 2. Nf3 d6 3. d4 cxd4 4. Nxd4 Nf6 5. Nc3 Nc6 6. Bg5 e6 7. Qd2 Be7 8. O-O-O O-O 9. f4 Nxd4 10. Qxd4 Qa5 11. Bc4 Bd7 12. e5 dxe5 13. fxe5 Bc6 14. Bd2 Nd7 15. Nd5 Qd8 16. Nxe7+ Qxe7 17. Rhe1 Rfd8 18. Qg4 Nb6 19. Bg5 Rxd1+ 20. Rxd1 Qc5 21. Bf6 Qe3+ 22. Kb1 Qh6 23. Bd3 Nd7 24. Rf1 Kh8 25. Bg5 Qxh2 26. Bf4 Qxg2 27. Qd1 Nf8 28. Bc1 Kg8 29. Qh5 Ng6 30. Rf4 Qg3 31. Rg4 Qe1 32. Rd4 Re8 33. Bxg6 fxg6 34. Qg5 Qf2 35. Rf4 Qe2 36. Qg3 Be4 37. Rf2 Bxc2+ 38. Ka1 Qd1 39. Qf4 Bf5 0-1